00297nam a2200121Ia 4500008004100000041000800041082001200049100002200061245001500083260004600098300002400144365000700168240624s9999 xx 000 0 und d aeng a823 SHR aSHRIVASTAVA TANYA aDEAR DIARY c2013aJaipurbParlance Publishers Pvt Ltd a273 : p. : cm. ; 19 cRS